[Event "Niedersachsen-ch op-B"]
[Site "Verden"]
[Date "2012.01.04"]
[Round "6"]
[White "Stein, Rolf"]
[Black "Isensee, Lauritz"]
[Result "1-0"]
[WhiteElo "1899"]
[BlackElo "1249"]
[PlyCount "77"]
[EventDate "2012.01.02"]
[EventType "swiss"]
[EventRounds "7"]
[EventCountry "GER"]
[SourceTitle "EXT 2021"]
[Source "ChessBase"]
[SourceDate "2020.10.23"]
[SourceVersion "1"]
[SourceVersionDate "2020.10.23"]
[SourceQuality "1"]

1. c4 e5 2. Nc3 Nc6 3. g3 Bc5 4. e3 d6 5. Bg2 Nf6 6. a3 a5 7. Nge2 0-0 8. b3 Be6 9. d4 exd4 10. exd4 Nxd4 11. Nxd4 Bg4 12. Nde2 Bxe2 13. Nxe2 Ng4 14. 0-0 Qf6 15. Bf4 c6 16. Be3 Nxe3 17. fxe3 Bxe3+ 18. Kh1 Qh6 19. Qd3 Rae8 20. Rf3 Re6 21. Nf4 Bxf4 22. Rxf4 Rfe8 23. Re4 Qf6 24. Rf1 Qb2 25. Rxe6 Rxe6 26. Qf5 Qf6 27. Qxa5 Qe7 28. Qa8+ Qe8 29. Qxb7 Re1 30. Qb6 g6 31. Rxe1 Qxe1+ 32. Qg1 Qc3 33. Qb1 c5 34. Bd5 Kg7 35. b4 Qxa3 36. b5 Qa7 37. b6 Qb8 38. b7 Kf8 39. Qa1 1-0